000 00490nam a2200169 a 4500
001 000026323
005 20250130114120.0
008 110312s2000 dr a 000 0 spa d
040 _aDO-SdBNP
_bspa
_cBNPHU
082 _axxx
_bM425o
100 1 _aMateo, Tirso,
_929285
245 1 4 _aLas oligarquías, piedras sobre nuestras espaldas /
_cTirso Mateo.
260 _aSanto Domingo,
_c2000.
300 _a166 p. :
_bil. ;
_c21 cm.
500 _aIncluye notas al pie de páginas
049 _aBNPD
999 _c25815
_d25815